Pretty Little Liars Cast (All seasons) Quiz Stats

 Plays Quiz not verified by Sporcle

Support Sporcle.
Go Orange.
Score 0/86 Timer 10:00
0 Plays Today
Hint Answer % Correct
Hastings???
100%
Montgomery???
94.5%
Montgomery???
93.4%
Marin???
93.4%
Marin???
93.4%
Montgomery???
92.3%
Hasting???
91.2%
Montgomery???
90.1%
Hasting???
89%
Hastings???
87.9%
Fields???
86.8%
DiLaurentis???
86.8%
Fitzgerald???
85.7%
DiLaurentis???
83.5%
Kahn???
83.5%
Fields???
82.4%
Cavanaugh???
81.3%
DiLaurentis???
80.2%
Rivers???
80.2%
Marin???
79.1%
St. Germain???
79.1%
Marshall???
75.8%
Gottesman???
74.7%
McCullers???
73.6%
Harvey???
73.6%
Fields???
70.3%
Kingston???
70.3%
Wilden???
70.3%
Darkbloom???
70.3%
Hint Answer % Correct
Marin???
69.2%
DiLaurentis???
69.2%
Kahn???
65.9%
Thomas???
65.9%
Reynolds???
65.9%
Dunhill???
64.8%
Fitzgerald???
62.6%
Fring???
62.6%
Ackard???
60.4%
Fuery???
59.3%
Sullivan???
59.3%
Randall???
56%
Santiago???
56%
Cook???
54.9%
Strauss???
53.8%
Campbell???
53.8%
Holbrook???
51.6%
Molina???
50.5%
Tanner???
50.5%
Young???
49.5%
Lamb???
49.5%
Fitzgerald???
48.4%
Grunwald???
48.4%
Sorenson???
47.3%
James???
47.3%
Coogan???
46.2%
Cavanaugh???
46.2%
Maple???
44%
Cutler???
42.9%
Hint Answer % Correct
Driscoll???
41.8%
Greene???
40.7%
Calderon???
40.7%
Cutler???
39.6%
Marin???
38.5%
Hobart???
38.5%
Hobbs???
38.5%
Sandoval???
38.5%
Petrillo???
37.4%
Stone???
35.2%
Phillips???
34.1%
Albert???
30.8%
Gordon???
30.8%
Wu???
30.8%
Hackett???
30.8%
Raymond???
29.7%
Wilson???
28.6%
Stavros???
26.4%
Doyle???
24.2%
Wright???
24.2%
Collins???
22%
Wilkins???
20.9%
McCullers???
20.9%
Strauss???
18.7%
Palmer???
18.7%
Matthews???
17.6%
Finn???
16.5%
Howe???
16.5%

You're not logged in!

Compare scores with friends on all Sporcle quizzes.
OR
Log In

From the Vault

The 3rd Thing You Need To Know: Landmarks

by MrWhiplash

We're just assuming you already know the 1st and 2nd thing.
Remove Ads.
Support Sporcle.
Get the best of Sporcle when you Go Orange. This ad-free experience offers more features, more stats, and more fun while also helping to support Sporcle. Thank you for becoming a member.

Show Comments

Extras

Created Dec 1, 2017ReportNominate
Tags:Cast Quiz, liar, little, Pretty, season

Top Quizzes Today


Score Distribution

Your Account Isn't Verified!

In order to create a playlist on Sporcle, you need to verify the email address you used during registration. Go to your Sporcle Settings to finish the process.

Report this User

Report this user for behavior that violates our Community Guidelines.

Details: